000 00276nam a2200097Ia 4500
001 1250733
005 20251031150902.0
008 251031s9999 xx 000 0 und d
245 0 _cJ.K.ROWLING
_aF-4 HARRY POTTER VE ZÜMRÜDÜANKA YOLDAŞLIĞI
260 _bYAPI KREDİ YAYINLARI
999 _c1250733
_d1250733